| 000 | 00446nam a2200157 i 4500 | ||
|---|---|---|---|
| 001 | 45243 | ||
| 003 | ES-MaACL | ||
| 005 | 20230906161203.0 | ||
| 007 | t| | ||
| 008 | 030325s1810 be ||||1| fre d | ||
| 245 | 0 | 0 | _aCode d'instruction criminelle. |
| 260 |
_aBruxelles : _b[s.n.], _c1810. |
||
| 300 |
_aVIII, 200 p. ; _c20 cm. |
||
| 500 | _aEdition parfaitament conforme a l'edition originale et seule officielle. | ||
| 852 |
_aES-MaACL _jC-2952 |
||
| 999 |
_c45243 _d45243 |
||